Building's Beckhams (Record no. 74123)

MARC details
000 -LEADER
fixed length control field 01229cam a2200193 4500
008 - FIXED-LENGTH DATA ELEMENTS--GENERAL INFORMATION
fixed length control field 040205n2004 000 0 eng u
035 ## - SYSTEM CONTROL NUMBER
System control number (Sirsi) u125048
245 ## - TITLE STATEMENT
Title Building's Beckhams
260 ## - PUBLICATION, DISTRIBUTION, ETC.
Date of publication, distribution, etc. 2004
490 ## - SERIES STATEMENT
Series statement Building
Volume/sequential designation 269(8315) 52-65(9)
520 ## - SUMMARY, ETC.
Summary, etc. Looks at the European Construction League Table. Shows how the traditional power bases of Germany, France and the UK are still there in the top 10 but some city sources believe that certain Spanish companies such as Dragados (which recently merged with ACS to form the country's biggest contractor) might be catching up with their turnover. Spanish contractors are also moving into a new market, the Private Finance Initiative and also toll roads. Points out that a quarter of Spain's infrastructure programme is funded by the European Union which will maintain the country's construction boom until this funding runs out which is expected to be by around 2007. With tables of Europe's top 300 companies including turnover in 2002-03 in pounds and euros and % of foreign turnover.
590 ## - LOCAL NOTE (RLIN)
Local note ABS
650 ## - SUBJECT ADDED ENTRY--TOPICAL TERM
Topical term or geographic name entry element EUROPEAN CONSTRUCTION
650 ## - SUBJECT ADDED ENTRY--TOPICAL TERM
Topical term or geographic name entry element EUROPEAN CONTRACTORS
650 ## - SUBJECT ADDED ENTRY--TOPICAL TERM
Topical term or geographic name entry element SPANISH PROPERTY
650 ## - SUBJECT ADDED ENTRY--TOPICAL TERM
Topical term or geographic name entry element PFI
690 ## - LOCAL SUBJECT ADDED ENTRY--TOPICAL TERM (OCLC, RLIN)
Topical term or geographic name as entry element EUROPE
942 ## - ADDED ENTRY ELEMENTS (KOHA)
Suppress in OPAC 0

No items available.